Algebra lineal
Збережено в:
| Автори: | , |
|---|---|
| Формат: | Книга |
| Мова: | Іспанська |
| Опубліковано: |
Englewood Cliffs, USA
Prentice Hall
1973
|
| Редагування: | 1a. ed |
| Предмети: | |
| Онлайн доступ: | Disponible Online |
| Теги: |
Додати тег
Немає тегів, Будьте першим, хто поставить тег для цього запису!
|
MARC
| LEADER | 00000nam a2200000 a 4500 | ||
|---|---|---|---|
| 001 | UCW0710 | ||
| 003 | CL-VaPUC | ||
| 005 | 20230714082805.0 | ||
| 008 | 890111e19730000US |||||||||||||||||spa|d | ||
| 999 | |c 215774 |d 215772 | ||
| 020 | |a 9688800090 | ||
| 040 | |c Pontificia Universidad Católica de Valparaíso | ||
| 082 | 0 | 4 | |a 512.5 HOF 1973 |2 21 |
| 100 | |a Hoffman, Kenneth |e author |9 564135 | ||
| 245 | 1 | 0 | |a Algebra lineal |
| 250 | |a 1a. ed | ||
| 260 | |a Englewood Cliffs, USA |b Prentice Hall |c 1973 | ||
| 300 | |a 400 páginas | ||
| 583 | |a last modification |c 20171031 14:12:35 |k Rodrigo Vera | ||
| 650 | 0 | |a Álgebra lineal |9 260445 | |
| 650 | 0 | |a Álgebra lineal |v Ejercicios |9 260445 | |
| 700 | 0 | |a Kunze, Ray Alden |e author |9 304615 | |
| 856 | |u http://bibliografiadigital.pucv.cl.pucv.idm.oclc.org/index.php/bibliotecapucv/catalog/book/269 |y Disponible Online | ||
| 942 | |c BK |2 ddc | ||
| 945 | |d 19890111 00:00:00 |a mfernand | ||
| 952 | |0 0 |1 0 |4 0 |6 512_500000000000000_HOF_1973 |7 0 |8 A |9 200692 |a BIBCUR |b BIBCUR |d 2019-11-14 |i 3129314 |l 1 |o 512.5 HOF 1973 |p 3129314 |r 2025-04-22 |s 2022-08-22 |w 2019-11-14 |y BK |k BCB | ||
| 952 | |0 0 |1 0 |4 0 |6 512_500000000000000_HOF_1973 |7 0 |8 A |9 200696 |a BIBCUR |b BIBCUR |d 2019-11-14 |i 1783440 |o 512.5 HOF 1973 |p 1783440 |r 2025-04-22 |w 2019-11-14 |y BK |k BCB | ||
| 952 | |0 0 |1 0 |4 0 |6 512_500000000000000_HOF_1973 |7 0 |8 A |9 200697 |a BIBCUR |b BIBCUR |d 2019-11-14 |i 1783459 |o 512.5 HOF 1973 |p 1783459 |r 2025-04-22 |w 2019-11-14 |y BK |k BCB | ||
| 952 | |0 0 |1 0 |4 0 |6 512_500000000000000_HOF_1973 |7 0 |8 A |9 200698 |a BIBCUR |b BIBCUR |d 2019-11-14 |i 1783467 |l 2 |o 512.5 HOF 1973 |p 1783467 |r 2025-04-22 |s 2024-09-23 |w 2019-11-14 |y BK |k BCB | ||
| 952 | |0 0 |1 0 |4 0 |6 512_500000000000000_HOF_1973 |7 0 |8 A |9 200699 |a BIBCUR |b BIBCUR |d 2019-11-14 |i 1783475 |l 1 |o 512.5 HOF 1973 |p 1783475 |r 2025-04-22 |s 2024-08-30 |w 2019-11-14 |y BK |k BCB | ||
| 952 | |0 0 |1 0 |4 0 |6 512_500000000000000_HOF_1973 |7 0 |8 A |9 200700 |a BIBCUR |b BIBCUR |d 2019-11-14 |i 1784943 |l 2 |m 2 |o 512.5 HOF 1973 |p 1784943 |r 2025-04-22 |s 2024-08-20 |w 2019-11-14 |y BK |k BCB | ||
| 952 | |0 0 |1 0 |4 0 |6 512_500000000000000_HOF_1973 |7 0 |8 A |9 200702 |a BIBMAT |b BIBMAT |d 2019-11-14 |i 3194930 |l 14 |o 512.5 HOF 1973 |p 3194930 |q 2025-07-31 |r 2025-03-10 |s 2025-03-10 |w 2019-11-14 |y BK |k MAT | ||
| 952 | |0 0 |1 2 |4 0 |6 512_500000000000000_HOF_1973 |7 0 |8 A |9 200703 |a BIBGIM |b BIBGIM |d 2019-11-14 |i 1402374 |o 512.5 HOF 1973 |p 1402374 |r 2019-11-14 |w 2019-11-14 |y BK |k COM | ||
| 952 | |0 0 |1 0 |4 0 |6 512_500000000000000_HOF_1973 |7 0 |8 A |9 200704 |a BIBMAT |b BIBMAT |d 2019-11-14 |i 1494732 |l 24 |m 10 |o 512.5 HOF 1973 |p 1494732 |r 2025-03-12 |s 2024-12-10 |w 2019-11-14 |y BK |k MAT | ||
| 952 | |0 0 |1 0 |4 0 |6 512_500000000000000_HOF_1973 |7 0 |8 A |9 200705 |a BIBMEC |b BIBMEC |d 2019-11-14 |i 1325728 |o 512.5 HOF 1973 |p 1325728 |r 2019-11-14 |w 2019-11-14 |y BK |k MEC | ||
| 952 | |0 0 |1 0 |4 0 |6 512_500000000000000_HOF_1973 |7 0 |8 A |9 200706 |a BIBMEC |b BIBMEC |d 2019-11-14 |i 1325779 |o 512.5 HOF 1973 |p 1325779 |r 2024-01-19 |w 2019-11-14 |y BK |k MEC | ||
| 952 | |0 0 |1 0 |4 0 |6 512_500000000000000_HOF_1973 |7 0 |8 A |9 200707 |a BIBGIM |b BIBGIM |d 2019-11-14 |i 4729994 |l 6 |m 3 |o 512.5 HOF 1973 |p 4729994 |r 2025-01-15 |s 2023-10-12 |w 2019-11-14 |y BK |k COM | ||